000 00887nam a2200265 4500
003 OSt
005 20260601193856.0
008 260506b |||||||| |||| 00| 0 eng d
020 _a8425214815
040 _aICI
_bspa
_cICI
050 _aNK1535.K52
_bA5318
100 1 _a Aldersey-Williams, Hugh,
_933058
240 1 _aKing-miranda.
_lEspañol
245 1 _aLa poetica de la maquina /
_c Hugh aldersey-Williams ; vers. castellana de emili olcina i aya
264 _bGustavo Gili,
_c1991
_aBarcelona :
300 _a112 páginas
_c21cm.
336 _atexto
_2rdacontent
337 _asin medio
_2rdamedia
338 _avolumen
_2rdacarrier
500 _a Traduccion de: king-miranda : the poetry of the machine
650 _aRey y Miranda
_933059
650 _aDiseño
_xHistoria
_ySiglo XX
_zItalia
_zMilan
_933060
700 1 _aOlcina i Aya, Emili,
_etraductor
_933061
942 _2lcc
_cB
999 _c22053
_d22053